LEADER 00765nam0-22003011i-450- 001 990005963480403321 005 19980601 035 $a000596348 035 $aFED01000596348 035 $a(Aleph)000596348FED01 035 $a000596348 100 $a19980601d1941----km-y0itay50------ba 105 $a--------00-yy 200 1 $a<>successioni$fAntonio Cicu. 205 $a2. ed. 210 $aMilano$cGiuffre'$d1941 215 $a313 p.$d22 cm 300 $aParte generale 676 $a346.05 700 1$aCicu,$bAntonio$f<1879-1962>$0226775 801 0$aIT$bUNINA$gRICA$2UNIMARC 901 $aBK 912 $a990005963480403321 952 $aVIII D 31$b25040$fFGBC 959 $aFGBC 996 $aSuccessioni$9581794 997 $aUNINA DB $aGIU01